000 01006nam a22002537a 4500
008 130821s2003 ag gr spa
020 _a9871105339
040 _aCo-BoUCM
_bspa
041 0 0 _aspa
110 2 0 _aAlto Comisionado de Naciones Unidas para los Refugiados. ACNUR
_9172044
245 1 3 _aEl asilo y la protección internacional de los refugiados en América Latina
_cAlto comisionado de Naciones Unidas para los Refugiados.
260 _aBuenos Aires (Argentina)
_bSiglo XXI
_c2003
300 _a502 páginas
504 _aIncluye bibliografía.
650 0 4 _aCiencia política
_9340
650 0 4 _aDerecho de asilo
_zAmérica Latina
_912729
650 0 4 _aDerecho internacional público
_97498
650 0 4 _aDerecho internacional
_912776
650 0 4 _aRefugiados políticos
_zAmérica Latina
_923320
700 1 1 _aFranco, Leonardo
_ecoord.
_9172045
710 _aUniversidad Nacional de Lanus
_9172046
942 _cLIBRO
_a6
_e1
_mA469a
_2DEWEY
_h325.21
999 _c92885
_d92885